Stupid Summer Jokes Quiz Stats

 Plays Quiz Updated Aug 30, 2017

     
Support Sporcle.
Go Orange.
Score 0/20 Timer 07:00
3 Plays Today
% Correct
Iced T.
94.4%
On Sunday.
94.1%
Because they peel.
94.1%
Have a baa-baa-cue.
93.5%
Nothing, it just waved.
93.3%
Just loafed around.
93%
I'm bacon!
92.9%
In the 'Kelp-Wanted' ads.
92.4%
It only has one customer, but at least it serves a porpoise.
91.9%
A puddle.
91.9%
% Correct
Lake Eerie.
91.6%
Because if they were by the bay, they'd be bagels.
91.3%
When you're eating a watermelon.
91.1%
Hopsicles.
91%
They'd get called for traveling.
90.9%
To make up for his terrible summer.
90.5%
Because one good tern always deserves another.
89.9%
Swimming trunks.
89.7%
Microwaves.
84.4%
Sunglasses.
82%

From the Vault

#1 Hits ('85-'89) by Any Word

by jmsr525

Music 8m
It's been awhile, so we don't expect you to remember full titles.
Remove Ads.
Support Sporcle.
Get the best of Sporcle when you Go Orange. This ad-free experience offers more features, more stats, and more fun while also helping to support Sporcle. Thank you for becoming a member.

Show Comments

Extras

Top Quizzes Today


Score Distribution

Your Account Isn't Verified!

In order to create a playlist on Sporcle, you need to verify the email address you used during registration. Go to your Sporcle Settings to finish the process.

Report this User

Report this user for behavior that violates our Community Guidelines.

Details: